Datum a čas kvízu
25
Celkem bodů
Celkový počet nahraných bodů na tomto kvízu bez doplňovacích otázek.
4.
Pořadí na kvízu
Konečné umístění týmu na tomto kvízu.
Zaznamenané odpovědi
| # | Otázka | Odpověď | Body | Výsledky |
|---|---|---|---|---|
| 1. | Ve středu se v Česku uskutečni... | 0 | ||
| 2. | Ze spojenectví Damašku a Moskv... | 0 | ||
| 3. | Pořadatelé karlovarského filmo... | 0 | ||
| 4. | Minulý týden oslavila kulaté 7... | 1 | ||
| 5. | Kouč hokejové reprezentace Jos... | 0 | ||
| 6. | Jak se jmenuje festival dokume... | 1 | ||
| 7. | Velký úspěch minulý rok zaznam... | 0 | ||
| 8. | Olga Sommerová je od roku 2014... | 0 | ||
| 9. | Režisérka Helena Třeštíková na... | 1 | ||
| 10. | Seřaďte tyto dokumenty podle j... | 1 |